01095cam a22001694a 4500020003600000041000800036082002400044100002300068245009400091260006400185300001900249505050400268650002600772942000700798952010300805999001700908 a0268010455 (cloth : alk. paper) aENG00a261.5509409031bHOW1 aHowell, Kenneth J.10aGod's two books :Copernican Cosmology and Biblical Interpretation in early Modern Science aNotre Dame, Ind. :bUniversity of Notre Dame Press,cc2002. aviii, 319 p. ;0 aEarly modern science and biblical interpretation -- Reading the heavens and Scripture in early modern science -- Copernicus, the Bible, and the Wittenberg orbit -- Geoheliocentrism and the Bible : Brahe, Peucer, and Rothmann -- Kepler, cosmology and the Bible -- Copernican cosmology, cartesianism and the Bible in the Netherlands -- Copernicanism and the Bible in the Netherlands -- Copernicanism and the Bible in Catholic Europe -- Interpreting the history of early modern cosmology and the Bible. 0aReligion and science. cBK 00104070aHMIbHMIcGENd2018-11-02l0o261.5509409031 HOWp11003847r2026-01-16w2026-01-16yBK c22480d22480